Library of the University of Algiers 3
Ibrahim Sultan Cheibout
شعار جامعة الجزائر 3
مكتبة جامعة الجزائر 3
إبراهيم سلطان شيبوط

التدقيق الحديث للحسابات / (رقم التسجيلة. 45089)

تفاصيل مارك
000 -LEADER
fixed length control field 01907nam a2200229Ia 4500
003 - CONTROL NUMBER IDENTIFIER
control field Ost
005 - DATE AND TIME OF LATEST TRANSACTION
control field 20260507075612.0
008 - FIXED-LENGTH DATA ELEMENTS--GENERAL INFORMATION
fixed length control field 260507s9999||||xx |||||||||||||| ||und||
020 ## - INTERNATIONAL STANDARD BOOK NUMBER
International Standard Book Number 9957402172
040 ## - CATALOGING SOURCE
Transcribing agency fsecg
041 ## - LANGUAGE CODE
Language code of text/sound track or separate title ara
082 ## - DEWEY DECIMAL CLASSIFICATION NUMBER
Classification number 657.45
100 ## - MAIN ENTRY--PERSONAL NAME
Personal name جمعة، أحمد حلمي
Relator term مؤلف
245 #0 - TITLE STATEMENT
Title التدقيق الحديث للحسابات /
Statement of responsibility, etc. أحمد حلمي جمعة
246 ## - VARYING FORM OF TITLE
Title proper/short title How to become an International Auditor
260 ## - PUBLICATION, DISTRIBUTION, ETC.
Place of publication, distribution, etc. عمان:
Name of publisher, distributor, etc. دار صفاء للنشر والتوزيع,
Date of publication, distribution, etc. 1999
300 ## - PHYSICAL DESCRIPTION
Extent 424 صفحة؛
Other physical details إيضاحات ؛
Dimensions 24 سم
504 ## - BIBLIOGRAPHY, ETC. NOTE
Bibliography, etc. note المراجع ص.363 الملاحق ص.373
520 ## - SUMMARY, ETC.
Summary, etc. مشاكل الرأي المهني في ضوء المعايير الدولية والتشريعات المحلية: موقف المدقق من القياس المحاسبي للنفقات، موقف المدقق من القياس المحاسبي للايرادات، موقف المدقق من القياس المحاسبي للمخصصات، موقف المدقق من القياس المحاسبي للاحتياطات، موقف المدقق من القياس المحاسبي للاستهلاك، موقف المدقق من القياس المحاسبي للربح، موقف المدقق من القياس المحاسبي للارباح القابلة للتوزيع، الأدوات والخدمات المهنية في ضوء المعايير الدولية: الرقابة الداخلية عند استخدام الحاسوب، التدقيق عند استخدام الحاسوب، عينات التدقيق، الاجراءات التحليلية عند التدقيق، فحص الحسابات لأغراض خاصة، الخدمات الاستشارية للادارة، مشاكل اعداد تقارير التدقيق في المجال الدولي
653 ## - INDEX TERM--UNCONTROLLED
Uncontrolled term مراجعة الحسابات
942 ## - ADDED ENTRY ELEMENTS (KOHA)
Koha item type كتب
المقتنيات
Withdrawn status Lost status Source of classification or shelving scheme Damaged status Not for loan Home library Current library Date acquired Serial enumeration / chronology Inventory number Total checkouts Full call number Barcode Date last seen Price effective from Koha item type
    Dewey Decimal Classification   NOT LOAN / إعارة داخلية مكتبة كلية العلوم الإقتصادية والعلوم التجارية وعلوم التسيير مكتبة كلية العلوم الإقتصادية والعلوم التجارية وعلوم التسيير 07/05/2026 الطابق الأرضي 616/1   أ/616ن1 616/1 07/05/2026 07/05/2026 كتب
    Dewey Decimal Classification   Available مكتبة كلية العلوم الإقتصادية والعلوم التجارية وعلوم التسيير مكتبة كلية العلوم الإقتصادية والعلوم التجارية وعلوم التسيير 07/05/2026 الطابق الأرضي 616/2   أ/616ن2 616/2 07/05/2026 07/05/2026 كتب
    Dewey Decimal Classification   Available مكتبة كلية العلوم الإقتصادية والعلوم التجارية وعلوم التسيير مكتبة كلية العلوم الإقتصادية والعلوم التجارية وعلوم التسيير 07/05/2026 الطابق الأرضي 616/3   أ/616ن3 616/3 07/05/2026 07/05/2026 كتب
    Dewey Decimal Classification   Available مكتبة كلية العلوم الإقتصادية والعلوم التجارية وعلوم التسيير مكتبة كلية العلوم الإقتصادية والعلوم التجارية وعلوم التسيير 07/05/2026 الطابق الأرضي 616/4   أ/616ن4 616/4 07/05/2026 07/05/2026 كتب
    Dewey Decimal Classification   Available مكتبة كلية العلوم الإقتصادية والعلوم التجارية وعلوم التسيير مكتبة كلية العلوم الإقتصادية والعلوم التجارية وعلوم التسيير 07/05/2026 الطابق الثاني 616/5   أ/616ن5 616/5 07/05/2026 07/05/2026 كتب
    Dewey Decimal Classification   Available مكتبة كلية العلوم الإقتصادية والعلوم التجارية وعلوم التسيير مكتبة كلية العلوم الإقتصادية والعلوم التجارية وعلوم التسيير 07/05/2026 الطابق الثاني 616/6   أ/616ن6 616/6 07/05/2026 07/05/2026 كتب

موارد الويب المفتوحة


© University of Algiers 3 All Rights Reserved
|
Implemented by LECHELAH Riad